| 000 | 01481cam a2200301 i 4500 | ||
|---|---|---|---|
| 003 | SA-RiAUC | ||
| 005 | 20240907135315.0 | ||
| 008 | 240905s1997 le g 000r0 ara c | ||
| 040 |
_aSA-RiAUC _bara _cSA-RiAUC _erda |
||
| 082 | 0 | 4 |
_a250 _bا ب ن ق _qSA-RiAUC |
| 100 | 1 |
_aابن قدامة المقدسي، محمد بن أحمد بن عبد الهادي، _d705-744 هجري _eمؤلف. |
|
| 245 | 1 | 2 |
_aالمحرر في اختصار الإلمام / _cتأليف محمد بن أحمد بن عبد الهادي بن قدامة المقدسي ؛ تحقيق محمد حسن محمد حسن إسماعيل. |
| 246 | 3 | 0 | _aاختصار الإلمام |
| 250 | _aالطبعة الأولى. | ||
| 264 | 1 |
_aبيروت : _bدار الكتب العلمية، _c1997 |
|
| 300 |
_a295 صفحة ؛ _c24 سم |
||
| 336 |
_aنص _btxt _2rdacontent _3كتاب |
||
| 337 |
_aبدون وسيط _bn _2rdamedia |
||
| 338 |
_aمجلد _bnc _2rdacarrier |
||
| 500 | _aمختصر يشتمل على جملة من الأحاديث النبوية في الأحكام الشرعية اختاره المؤلف من كتب عدة. | ||
| 650 | 7 |
_aالفقه الإسلامي _2aucsh |
|
| 650 | 7 |
_aالحديث _xأحكام _2aucsh |
|
| 650 | 1 | 7 |
_aالفقه الحنبلي. _2aucsh |
| 700 | 1 |
_aالشافعي، محمد حسن محمد حسن إسماعيل _eمحقق. |
|
| 856 | 4 | _uhttp://www.adabwafan.com/display/product.asp?id=1103 | |
| 942 |
_2ddc _cBOOK |
||
| 949 |
_aSA-JeALM _d240905 _ukhaled123 _n1 |
||
| 999 |
_c67 _d67 |
||